000 00736pam a2200229 a 4500
001 3487893
005 20180302071415.0
008 940708s1995 enk b 001 0 eng
010 _a 94030136
020 _a0415086647
040 _aDLC
_cDLC
_dDLC
041 _aeng
080 _a306.018
082 0 0 _a306.018 HAM
_220
100 1 _a19
101 _aSHP
245 1 0 _aEthnography :
_cMartyn Hammersley and Paul Atkinson.
504 _aIncludes bibliographical references (p. [288]-312) and indexes.
906 _a7
_bcbc
_corignew
_d1
_eocip
_f19
_gy-gencatlg
942 _2ddc
_cBK
999 _c44036
_d44036